| 000 | 00000nam##2200000za#4500 |
| 001 | 9.588092 |
| 003 | CaOODSP |
| 005 | 20210624194943 |
| 007 | cr ||||||||||| |
| 008 | 150406|2000||||xxc|||||o f|0| 0 fre|d |
| 040 | |aCaOODSP|bfre |
| 041 | |aeng |
| 041 | |afre |
| 043 | |an-cn--- |
| 086 | 1 |aNH14-1/0394-PDF |
| 110 | 2 |aSociété canadienne d'hypothèques et de logement. |
| 245 | 10|aProjet visant à promouvoir l'adoption du code nationa du bâtiment et d'une formule uniformisée de demande de permis de construire à l'Île-du-Prince-Édouard / |h[ressource électronique]|crédigée par Word-Works Communications Services. |
| 260 | |aOttawa - Ontario : |bSociété canadienne d'hypothèques et de logement |
| 300 | |a26p.|bfigure, photographies |
| 490 | 1 |aAbordabilité et choix toujours (ACT), projet de réforme de la réglementation|vFévrier 2000 |
| 590 | |a12-31-Supp|b2012-07-06 |
| 776 | 0#|tA project to promote implementation of the national building code and a standardized building permit in Prince Edward Island / |w(CaOODSP)9.534746 |
| 791 | |tA project to promote implementation of the national building code and a standardized building permit in Prince Edward Island / |eeng|w(CaOODSP)9.588091 |
| 830 | #0|aAbordabilité et choix toujours (ACT), projet de réforme de la réglementation ;|vFévrier 2000|w(CaOODSP)9.500614 |
| 856 | 40|ahttp://publications.gc.ca|qPDF|s1.15 Mo|uhttps://publications.gc.ca/collections/Collection/NH14-1-0394.pdf|yFévrier 2000 |